Statistics for Boxing Quiz 2017 #1

Click here to take the quiz!

General Stats

  • This quiz has been taken 153 times
  • The average score is 5 of 15

Answer Stats

Record, Birthplace, 25th Pro OpponentAnswer% Correct
37-0, Alabama, Damon McCrearyWilder
69%
28-2, London, John RuizHaye
61%
48-1-1, Guadalajara, Luis Antonio FitchCanelo
58%
36-0, Karaganda, Gabriel RosadoGolovkin
52%
26-7, Mbare, Tyson FuryChisora
47%
33-0, Philadelphia, Erik MoralesGarcia
45%
32-2, Cincinnati, Vicente EscobedoBroner
29%
25-3, London, Andrea Di LuisaGroves
27%
31-5-3, Manchester, Willie LimondCrolla
24%
30-1-1, Kopeysk, Cedric AgnewKovalev
21%
36-7, Brooklyn, Herman NgoudjoMalignaggi
12%
26-1, Walcz, Marco HuckGlowacki
11%
32-1-1, Huetamo, Alexander MunozSanta Cruz
9%
41-3, Barinas, Gamaliel DiazLinares
7%
27-0, Camaguey, Matias Ariel VidondoOrtiz
7%

Score Distribution

Percentile by Number Answered

Percent of People with Each Score

Your Score History

You have not taken this quiz